Indian Polity for Civil Services Examination (Record no. 232632)

MARC details
000 -LEADER
fixed length control field 00409nam a2200169Ia 4500
008 - FIXED-LENGTH DATA ELEMENTS--GENERAL INFORMATION
fixed length control field 240823s9999||||xx |||||||||||||| ||und||
082 ## - DEWEY DECIMAL CLASSIFICATION NUMBER
-- 330.0954 Q5
100 ## - MAIN ENTRY--PERSONAL NAME
Personal name Laxmi Kanth M
245 #0 - TITLE STATEMENT
Title Indian Polity for Civil Services Examination
250 ## - EDITION STATEMENT
Edition statement 4th
260 ## - PUBLICATION, DISTRIBUTION, ETC. (IMPRINT)
Date of publication, distribution, etc 2015
Name of publisher, distributor, etc McGRAW
500 ## - GENERAL NOTE
General note YES
650 ## - SUBJECT ADDED ENTRY--TOPICAL TERM
Topical term or geographic name as entry element Civil Service
942 ## - ADDED ENTRY ELEMENTS (KOHA)
Item type Books
Holdings
Withdrawn status Lost status Damaged status Permanent location Current location Date acquired Source of acquisition Cost, normal purchase price Full call number Barcode Date last seen Koha item type
      CENTRAL LIBRARY, NOORUL ISLAM CENTRE FOR HIGHER EDUCATION CENTRAL LIBRARY, NOORUL ISLAM CENTRE FOR HIGHER EDUCATION 07/08/2020 Gift Book 400.00 330.0954 Q5 80629 08/23/2024 Books
Visitors:
Copyright © 2024 Central Library NICHE.  All rights reserved.